Normal view
MARC view
Entry Topical Term
001 - CONTROL NUMBER
- control field: 13475
003 - CONTROL NUMBER IDENTIFIER
- control field: BD-RjUL
005 - DATE AND TIME OF LATEST TRANSACTION
- control field: 20240908120030.0
008 - FIXED-LENGTH DATA ELEMENTS
- fixed length control field: 240908|| aca||aabn | a|a d
040 ## - CATALOGING SOURCE
- Original cataloging agency: BD-RjUL
- Transcribing agency: BD-RjUL
150 ## - HEADING--TOPICAL TERM
- Topical term or geographic name entry element: বাংলার মুদ্রা
670 ## - SOURCE DATA FOUND
- Source citation: Work cat.: (BD-RjUL)83978: ইসলাম, মোঃ শরিফুল 5764, বাঙলার প্রাচীন মুদ্রার লেখ /